Statistics for Severus Snape Quotes Quiz

Click here to take the quiz!

General Stats

  • This quiz has been taken 82 times
  • The average score is 7 of 15

Answer Stats

QuoteFill In The Blank% Correct
¨After all this time?¨Always
92%
Umbridge: You applied originally for the Defense Against the Dark Arts post, is that correct." Snape: Yes. Umbridge: And you were unsuccessful? ..."Obviously
71%
"Turn to page..."394
69%
"Now you tell me you've been raising him like..."A Pig For Slaughter
62%
"Yes, I am..."The Half-Blood Prince
58%
"That is the second time you have spoken out of turn Miss Granger. Five more points from Gryffindor for being an..."Insufferable Know-it-All
52%
"You ought to be careful. People will think you're..."Up to Something
50%
¨How grand it must be to be ...¨The Chosen One
48%
"Well it may have escaped your notice but..."Life Isn't Fair
37%
"Yes, it is easy to see that nearly six years of magical education has not been wasted on you, Potter..."Ghosts are Transparent
27%
"Has it ever crossed your brilliant mind that ..."I Don't Want to Do This Anymore
25%
"You're just like your father. ..."Lazy, Arrogant
23%
"I can teach you how to bewitch the mind, ensnare the senses. I can tell you how to bottle fame, brew glory, and ..."Even Put a Stopper in Death.
19%
"I thought we were supposed to be friends."Best Friends
15%
"What would your head have been doing in Hogsmeade, Potter. You're head is not allowed in Hogsmeade. ..."No part of your body has permission to be in Hogsmeade.
4%

Score Distribution

Percentile by Number Answered

Percent of People with Each Score

Your Score History

You have not taken this quiz